000 00459nam a2200145Ia 4500
008 100415s9999 xx 000 0 und d
082 _b7682
_a573.301
100 _aWiilliams Leonard
245 _aChallenges to Survival : A Phylosophy of Evolution
260 _aLONDON
_c1971
_bANDRE DEUTSCH
365 _b0
630 _aChallenges to Survival : A Phylosophy of Evolution
730 _aChallenges to Survival : A Phylosophy of Evolution
942 _cBOOK
999 _c590634
_d590631